"Primus inter heroes" (Record no. 186720)

MARC details
000 -LEADER
campo de control de longitud fija 01114nam a2200277 i 4500
001 - NÚMERO DE CONTROL
campo de control 186720
003 - IDENTIFICADOR DE NÚMERO DE CONTROL
campo de control SpMaBN
005 - FECHA Y HORA DE LA ÚLTIMA TRANSACCIÓN
campo de control 20231212101556.0
008 - DATOS DE LONGITUD FIJA--INFORMACIÓN GENERAL
campo de control de longitud fija 170208s2008 sp aefo |||| | spa d
020 ## - NÚMERO INTERNACIONAL ESTÁNDAR DEL LIBRO
Número Internacional Estándar del Libro 978-84-612-8252-4
080 ## - NÚMERO DE LA CLASIFICACIÓN DECIMAL UNIVERSAL
Número de la Clasificación Decimal Universal 726.71(460.357 G.)
080 ## - NÚMERO DE LA CLASIFICACIÓN DECIMAL UNIVERSAL
Número de la Clasificación Decimal Universal 7.034(460.357 G.)
080 ## - NÚMERO DE LA CLASIFICACIÓN DECIMAL UNIVERSAL
Número de la Clasificación Decimal Universal 7.04(460.357 G.)
100 1# - ENTRADA PRINCIPAL--NOMBRE DE PERSONA
Nombre de persona Callejón Peláez, Antonio Luis.
9 (RLIN) 161674
245 11 - MENCIÓN DEL TÍTULO
Título "Primus inter heroes"
Resto del título : damas y guerreros en la decoración del Monasterio de San Jerónimo de Granada /
Mención de responsabilidad, etc. Antonio Luis Callejón Peláez.
260 ## - PUBLICACIÓN, DISTRIBUCIÓN, ETC.
Lugar de publicación, distribución, etc. Granada :
Nombre del editor, distribuidor, etc. Mouliaá Map,
Fecha de publicación, distribución, etc. 2008.
300 ## - DESCRIPCIÓN FÍSICA
Extensión 633, XVI p. de lám. col. :
Otras características físicas il., fot. ;
Dimensiones 24 cm.
504 ## - NOTA DE BIBLIOGRAFÍA, ETC.
Nota de bibliografía, etc. Bibliografía: p. 617-633.
610 27 - PUNTO DE ACCESO ADICIONAL DE MATERIA--NOMBRE DE ENTIDAD CORPORATIVA
Nombre de entidad corporativa o nombre de jurisdicción como elemento de entrada Monasterio de San Jerónimo (Granada)
9 (RLIN) 161675
650 #7 - PUNTO DE ACCESO ADICIONAL DE MATERIA--TÉRMINO DE MATERIA
Término de materia o nombre geográfico como elemento de entrada Arte renacentista-
Subdivisión general Temas.
9 (RLIN) 161676
852 ## - LOCALIZACIÓN
Ubicación ES-MaACL
Número de control de estantería A-14011
itemnumber 193777
Sublocalización o colección R.151320
Ubicación en estantería Depósito 1
Signatura antigua Olim: N-7011
Anotaciones manuscritas Dedicatoria autógrafa del autor
Donativo/Legado Donación: Antonio Luis Callejón Peláez
903 ## - NOMBRE PERSONAL DE DONANTE
9 161674
a Callejón Peláez, Antonio Luis
e Donante
942 ## - ELEMENTOS DE ENTRADA SECUNDARIOS (KOHA)
Fuente del sistema de clasificación o colocación Clasificación decimal universal
Tipo de ítem Koha Libro impreso
Holdings
Estatus retirado Estado de pérdida Fuente del sistema de clasificación o colocación Estado de daño No para préstamo Colección Biblioteca de origen Biblioteca actual Ubicación en estantería Fecha de adquisición Fuente de adquisición Total de préstamos Signatura topográfica completa Código de barras Visto por última vez Precio de reemplazo Tipo de ítem Koha Nota pública
    Clasificación decimal universal     Libros con dedicatorias Biblioteca del Ateneo de Madrid Biblioteca del Ateneo de Madrid Depósito 1 08/02/2017 Donación   A-14011 1196954 23/02/2023 23/02/2023 Libro impreso Dedicatoria autógrafa del autor